| 000 | 00766 a2200205 4500 | ||
|---|---|---|---|
| 001 | 63085 | ||
| 005 | 20260407155926.0 | ||
| 008 | 260407a1984 arg spa d | ||
| 003 | AR-UNSa-BCEJYS | ||
| 040 |
_aAR-UNSa-BCEJYS _bspa _cAR-UNSa-BCEJYS |
||
| 080 |
_a35:004 _xAdministración Pública e Informática |
||
| 245 | 1 | 0 |
_aTécnicas de tratamiento de la información en la administración pública _p(Desarrollo informático de un sistema contable en un organismo de la administración pública) |
| 020 | _a978-84-7351-174-2 | ||
| 264 | 1 |
_aMadrid : _bInstituto Nacional de Administración Pública (INAP) _c1984 |
|
| 300 |
_a208 p. _c19 cm. |
||
| 041 | _aspa | ||
| 942 | _cBK | ||
| 590 | _aniveau_biblio:m niveau_hierar:0 | ||
| 100 | 1 | _aOrero Gimenez, Alejandro M. | |
| 999 |
_c7985 _d7985 |
||